| 000 | 00000nam 2200000za 4500 |
| 001 | 9.855978 |
| 003 | CaOODSP |
| 005 | 20251031142447 |
| 007 | cr ||||||||||| |
| 008 | 180430s2018 oncabd ob f000 0 eng d |
| 040 | |aCaOODSP|beng |
| 043 | |an-cn-nu|an-cn-yk |
| 086 | 1 |aM183-2/8368E-PDF |
| 245 | 00|aPetrophysical analyses of hydrocarbon reservoirs and overpressure zones in Tertiary deep-marine strata in the northern Beaufort-Mackenzie Basin, Arctic Canada |h[electronic resource] / |cK. Hu … [et al.]. |
| 260 | |a[Ottawa] : |bNatural Resources Canada, |c2018. |
| 300 | |ai, 36 p. : |bcol. charts, col. ill., col. maps. |
| 490 | 1 |aOpen file ; |v8368 |
| 504 | |aIncludes bibliographical references (p. 14-15). |
| 520 | 3 |a“This report describes the petrophysical analyses of reservoir characteristics, hydrocarbon occurrences, and overpressure zones in deep-marine Tertiary strata in eight wells (Kenalooak J-94, Koakoak O-22, Kopanoar M-13, Kopanoar 2I-44, Nektoralik K-59, Nerlerk M-98, Orvilruk O-03 and Siulik I-05) in the northern Beaufort-Mackenzie Basin. Well logs and drill stem test data, calibrated with available cores, are analyzed for each well, with interpretations of lithology, shale content, porosity, permeability, and water saturation”--Abstract, p. 1. |
| 693 | 4|aHydrocarbon reservoirs |
| 693 | 4|aGeology |
| 693 | 4|aGeophysics |
| 693 | 4|aNunavut |
| 693 | 4|aYukon |
| 700 | 1 |aHu, K. |q(Kezhen) |
| 710 | 1 |aCanada. |bNatural Resources Canada. |
| 710 | 2 |aGeological Survey of Canada. |
| 830 | #0|aOpen file (Geological Survey of Canada)|v8368.|w(CaOODSP)9.506878 |
| 856 | 40|qPDF|s7.33 MB|uhttps://publications.gc.ca/collections/collection_2018/rncan-nrcan/m183-2/M183-2-8368-eng.pdf |
| 986 | |a306960 |